| 000 | 00566cam a2200229 4500 | ||
|---|---|---|---|
| 001 | 4564516 | ||
| 005 | 20180302045637.0 | ||
| 008 | 711222s1971 maua b 001 0 eng | ||
| 010 | _a 73168432 | ||
| 020 | _a0674880102 | ||
| 040 |
_aDLC _cDLC _dDLC |
||
| 041 | _aeng | ||
| 080 | _a320.011 RAW | ||
| 082 | 0 | 0 |
_a320.011 RAW _219 |
| 100 | 1 | _a24 | |
| 101 | _aFIL | ||
| 245 | 1 | 2 | _aA theory of justice. |
| 350 | _a$15.00 | ||
| 504 | _aIncludes bibliographical references and index. | ||
| 906 |
_a7 _bcbc _corignew _d2 _encip _f19 _gy-gencatlg |
||
| 942 |
_2ddc _cBK |
||
| 999 |
_c43996 _d43996 |
||